Enseñar matemática en el nivel inicial y el primer ciclo de la E.G.B.: análisis y propuestas

Salvato in:
Dettagli Bibliografici
Autore principale: Panizza, Mabel (compilación)
Altri autori: Bartolomé, Olga (autora), Broitman, Claudia (autora), Fregona, Dilma (autora), Itzcovich, Horacio (autor), Quaranta, María Emilia (autora), Ressia de Moreno, Beatriz (autora), Saiz, Irma Elena (autora), Tarasow, Paola (autora), Wolman, Susana (autora)
Natura: Libro
Lingua:spagnolo
Pubblicazione: Buenos Aires Paidós 2003
Edizione:1a. ed
Serie:Biblioteca de Cuestiones de Educación, 41
Soggetti:
Tags: Aggiungi Tag
Nessun Tag, puoi essere il primo ad aggiungerne!!

MARC

LEADER 00000nam a2200000 a 4500
001 UCL8636
003 CL-VaPUC
005 20240705074019.0
008 040702e20030000AG |||||||||||||||||spa|d
999 |c 309836  |d 309834 
020 |a 9501261417 
040 |c Pontificia Universidad Católica de Valparaíso 
082 0 4 |a 372.7  |b PAN  |2 21 
100 |a Panizza, Mabel  |e compilación  |9 486568 
245 1 0 |a Enseñar matemática en el nivel inicial y el primer ciclo de la E.G.B.: análisis y propuestas 
250 |a 1a. ed 
260 |a Buenos Aires  |b Paidós  |c 2003 
300 |a 326 p 
490 0 |a Biblioteca de Cuestiones de Educación, 41 
583 |a last modification  |c 20040702 00:00:00  |k Rodrigo Vera 
650 0 |a Matemáticas  |x Enseñanza  |9 875527 
650 0 |a Educación básica   |9 224933 
650 0 |a Métodos de enseñanza  |9 270413 
700 |a Bartolomé, Olga   |e autora  |9 880356 
700 |a Broitman, Claudia   |e autora  |9 880357 
700 |a Fregona, Dilma   |e autora  |9 880358 
700 |a Itzcovich, Horacio  |e autor  |9 868473 
700 |a Quaranta, María Emilia   |e autora  |9 880359 
700 |a Ressia de Moreno, Beatriz  |e autora  |9 880360 
700 |a Saiz, Irma Elena  |e autora  |9 880361 
700 |a Tarasow, Paola  |e autora  |9 880362 
700 |a Wolman, Susana  |e autora  |9 880363 
942 |c BK  |2 ddc 
945 |d 20040702 00:00:00  |a cmena 
952 |0 0  |1 0  |4 0  |6 372_700000000000000_PAN_2003  |7 0  |8 A  |9 377605  |a BIBEDU  |b BIBEDU  |d 2019-11-21  |i 4031180  |l 1  |m 1  |o 372.7 PAN 2003  |p 4031180  |r 2024-04-23  |s 2024-04-02  |w 2019-11-21  |y BK  |k EBA